000 00411nam a2200157Ia 4500
008 230314s9999 xx 000 0 und d
020 _a81-7381-142-3
041 _aeng
082 _aOG/618.2/DUT/B00712
100 _aDutta D C
_9176719
245 _aD C Duttas Textbook of Obstetrics
260 _bNew Central Book Agency
_aNew Delhi
_c2011
300 _a688p
906 _bGNM
999 _c135977
_d135977